The state of the Estate in 2012 (Record no. 114978)

MARC details
000 -LEADER
fixed length control field 01167cam a22002295a 4500
001 - CONTROL NUMBER
control field L157808
008 - FIXED-LENGTH DATA ELEMENTS--GENERAL INFORMATION
fixed length control field 130528s2013 xxk f 000 0 eng d
035 ## - SYSTEM CONTROL NUMBER
System control number (Sirsi) u157808
041 0# - LANGUAGE CODE
Language code of text/sound track or separate title eng
110 2# - MAIN ENTRY--CORPORATE NAME
Corporate name or jurisdiction name as entry element United Kingdom
Subordinate unit HM Government
9 (RLIN) 5056
245 04 - TITLE STATEMENT
Title The state of the Estate in 2012
Medium [electronic resource]
260 ## - PUBLICATION, DISTRIBUTION, ETC.
Place of publication, distribution, etc. London
Name of publisher, distributor, etc. HM Government
Date of publication, distribution, etc. 2013
520 ## - SUMMARY, ETC.
Summary, etc. Reports on progress made in 2012 to improve the efficiency and sustainability of the Government's Civil Estate as required under the Climate Change Act 2008. Looks at the size of the estate, occupancy and running costs and examines a number of initiatives in place to reduce the size of the Estate. Lists the size of property and occupancy costs by each Government Department in 2011 and 2013
590 ## - LOCAL NOTE (RLIN)
Local note KA
650 24 - SUBJECT ADDED ENTRY--TOPICAL TERM
Topical term or geographic name entry element CLIMATE CHANGE ACT 2008
651 #4 - SUBJECT ADDED ENTRY--GEOGRAPHIC NAME
Geographic name United Kingdom
Chronological subdivision
690 ## - LOCAL SUBJECT ADDED ENTRY--TOPICAL TERM (OCLC, RLIN)
Topical term or geographic name as entry element Commercial property
9 (RLIN) 6227
690 ## - LOCAL SUBJECT ADDED ENTRY--TOPICAL TERM (OCLC, RLIN)
Topical term or geographic name as entry element Sustainability
9 (RLIN) 6271
690 ## - LOCAL SUBJECT ADDED ENTRY--TOPICAL TERM (OCLC, RLIN)
Topical term or geographic name as entry element Facilities management
9 (RLIN) 6240
856 40 - ELECTRONIC LOCATION AND ACCESS
Uniform Resource Identifier <a href="https://www.gov.uk/government/uploads/system/uploads/attachment_data/file/200448/SOFTE2012_final.pdf">https://www.gov.uk/government/uploads/system/uploads/attachment_data/file/200448/SOFTE2012_final.pdf</a>
Public note View the item free of charge from the www.gov.uk website
942 ## - ADDED ENTRY ELEMENTS (KOHA)
Suppress in OPAC 0
Holdings
Withdrawn status Lost status Source of classification or shelving scheme Damaged status Not for loan Home library Current library Shelving location Date acquired Total Checkouts Full call number Barcode Date last seen Copy number Price effective from Koha item type
    Dewey Decimal Classification     Virtual Virtual Online 28/05/2013   ONLINE PUBLICATION 157808-2001 06/08/2019 1 06/08/2019 Book